History of north east india/ (Record no. 140020)
[ view plain ]
| 000 -LEADER | |
|---|---|
| fixed length control field | 00538nam a22001817a 4500 |
| 005 - DATE AND TIME OF LATEST TRANSACTION | |
| control field | 20170517124448.0 |
| 010 ## - LCCN (DPL NO) | |
| LC control number | ENG-118208 |
| 020 ## - INTERNATIONAL STANDARD BOOK NUMBER | |
| International Standard Book Number | 9789384275273 |
| Terms of availability | 995.00 |
| 035 ## - SYSTEM CONTROL NUMBER | |
| System control number | EN-101740 |
| 037 ## - SOURCE OF ACQUISITION | |
| Source of stock number/acquisition | DBAD/PUB |
| 082 ## - DEWEY DECIMAL CLASSIFICATION NUMBER | |
| Classification number | 954.5 |
| 100 ## - MAIN ENTRY--PERSONAL NAME | |
| Personal name | Sharma, Shyam Sundar |
| 245 ## - TITLE STATEMENT | |
| Title | History of north east india/ |
| Statement of responsibility, etc | by Shyam Sundar Sharma |
| 260 ## - PUBLICATION, DISTRIBUTION, ETC. (IMPRINT) | |
| Place of publication, distribution, etc | India |
| Name of publisher, distributor, etc | NE BOOKS AND PUBLISHERS |
| Date of publication, distribution, etc | 2017 |
| 270 ## - ADDRESS | |
| Address | National Highway Silchar- 788005 Assam, India |
| 300 ## - PHYSICAL DESCRIPTION | |
| Extent | 218p. |
| Dimensions | 24cm. (Hb) |
| 942 ## - ADDED ENTRY ELEMENTS (KOHA) | |
| Source of classification or shelving scheme | Dewey Decimal Classification |
| Item type | English Books |
| Classification part | 954.5 |
| Call number suffix | SHA |
| Withdrawn status | Lost status | Not for loan | Collection code | Home library | Current library | Date acquired | Source of acquisition | Cost, normal purchase price | Full call number | Barcode | Copy number | Cost, replacement price | Koha item type |
|---|---|---|---|---|---|---|---|---|---|---|---|---|---|
| Not For Loan | Non-fiction | D.B.Act.Division | D.B.Act.Division | 17/05/2017 | DBAD/PUB | 995.00 | 954.5 SHA | EN-101740 | 1 | 995.00 | English Books |
